LEADER 01179nam a2200277 i 4500 001 000000154737 003 CaOOAMICUS 005 20061024000000.0 008 061024s1956 it u000 u mul u 013 $a132083 040 $aSeMil$bita 100 1 $aVerhaeren, Émile,$d<1855-1916>.$0(OLS)http://semarc/name/7624 245 10$aPoesie scelte /$cEmilio Verhaeren. 260 $aFirenze :$bSansoni,$cstampa 1956. 260 $a[S.l.] :$bFussi,$cstampa 1956. 300 $a105 p. ;$c17 cm. 490 0 $aIl melagrano : scritti rari e rappresentativi di poesia e pensiero in versioni d'arte con testo a fronte ;$v160.-161 500 $aFrontespizio e testo in lingua francese con traduzione italiana a fronte. - Fondo Ciprandi. 830 3$aIl melagrano ;$v160.-161.$0(OLS)http://semarc/title/41034 850 $aSeMil 852 $aSeMil$W1$xVenegono$y1$m1W I 474$j106593$B106593$CSeMilBibl$Z2$F115804 $81 941 1 $a1 961 $aOmaggio: Ciprandi dott. Paolo 996 $6245$aPoesie scelte$9(OLS)http://semarc/title/6370 996 $6260$a[S.l.] :$bFussi$9(OLS)http://semarc/publisher/33153 996 $6260$aFirenze :$bSansoni$9(OLS)http://semarc/publisher/29843 LEADER 00843nam a2200205 i 4500 001 000000198061 003 CaOOAMICUS 005 20110224000000.0 008 110224s1903 it u000 u ita u 013 $a176749 040 $aSeMil$bita 245 10$aDiritto privato e procedura. 300 $a398 p. 500 $aContiene : Appendice. 700 1 $aBertoni, Brenno.$0(OLS)http://semarc/name/10807 700 1 $aOlivetti, Angelo Oliviero.$0(OLS)http://semarc/name/10808 773 0 $aBertoni, Brenno$tIstituzioni svizzere nel diritto pubblico e privato della confederazione e dei cantoni.$dTorino [etc.] : Unione Tipografico-Editrice, 1903.$gVolume2$w()24400 850 $aSeMil 852 $aSeMil$W1$xVenegono$y1$m3L III 99$j148617$B148617$CSeMilBibl$Z2$F160009 $81 996 $6245$aDiritto privato e procedura$9(OLS)http://semarc/title/286091